Statistics for Central American Countries Quiz

Click here to take the quiz!

General Stats

  • This quiz has been taken 1,078 times
    (1,074 since last reset)
  • The average score is 6 of 7

Answer Stats

Country% Correct
Panama
97%
Costa Rica
93%
Honduras
93%
Belize
91%
El Salvador
91%
Nicaragua
91%
Guatemala
90%

Score Distribution

Percentile by Number Answered

Percent of People with Each Score

Your Score History

You have not taken this quiz since the last reset